Statistiques concernant Drapeaux des pays océaniens.

Cliquez ici pour prendre le quiz!

Statistiques générales

  • Ce quiz a été pris 1 206 fois
    (1 089 depuis la dernière actualisation)
  • Le résultat moyen est 15 sur 18

Statistiques - réponses

Réponse% Correct
Australie
99%
Nouvelle-Zélande
98%
France
95%
États-Unis
93%
Fidji
90%
Chili
85%
Tonga
82%
Indonésie
80%
Papouasie-Nouvelle-Guinée
80%
Etats fédérés de Micronésie
78%
Palaos
78%
Kiribati
76%
Iles Marshall
75%
Nauru
75%
Samoa
75%
Tuvalu
74%
Vanuatu
72%
Iles Salomon
67%

Distribution des résultats

Percentile par nombre de réponses

% des personnes avec chaque résultat

Votre développement - résultats

Vous n’avez pas pris ce quiz depuis la dernière actualisation